000 00550nam a2200205Ia 4500
005 20250205000440.0
008 240331s9999 xx 000 0 und d
020 _a0195099621
082 _bORR
_24234
_a305.4
100 _aOrr, L. C
245 0 _aDonors, Devotees, and Daughters of God:
_bTemple Women in Medieval Tamilnadu
260 _aNew York
_aOxford
_bOxford University Press
_c2000
300 _axii, 305 p.,
650 _aWomen
650 _aMedieval
650 _aTamilnadu
650 _aDevotees
650 _aReligion
942 _cL
999 _c1683
_d1683